000 00484nam a2200205Ia 4500
003 OSt
005 20220924133437.0
006 a|||||r|||| 00| 0
007 ta
008 220923b |||||||| |||| 00| 0 snd d
024 _a265343
037 _cTextual
040 _aARTS
_cARTS
_bsnd
041 _2snd
_asnd
082 _aQ8441, 1593H0
245 0 _aSik itihasik kahaniyun
260 _c1940
942 _hQ8441, 1593H0
_cTEXL
_2CC
999 _c433880
_d433880